Metódy odhadu parametrov lineárneho regresného modelu s významnou multikolinearitou kandidátska dizertačná práca

Enregistré dans:
Détails bibliographiques
Auteur principal: Condík, Štefan
Collectivité auteur: Vysoká škola ekonomická v Bratislave. Fakulta riadenia
Autres auteurs: Šujan, Ivan
Format: Livre
Langue:slovaque
Publié: Bratislava 1982
Tags: Ajouter un tag
Pas de tags, Soyez le premier à ajouter un tag!

MARC

LEADER 00000nam a2200000 4500
001 c135035
005 20230116081852.3
041 0 |a slo 
044 |a SK 
245 1 0 |a Metódy odhadu parametrov lineárneho regresného modelu s významnou multikolinearitou  |b kandidátska dizertačná práca  |c Štefan Condík ; ved. Ivan Šujan 
264 1 |a Bratislava  |c 1982 
300 |a 144 s. 
100 1 |a Condík, Štefan 
700 1 |a Šujan, Ivan 
710 2 |a Vysoká škola ekonomická v Bratislave. Fakulta riadenia